000 01416nam2a22002891 4500
001 rc\4589157
005 20250612124645.0
021 _aRU
_b[65-102836]
035 _a(NLR Aleph) 008660618
090 _a9059118
_c9059118
100 _a20130416d1965 |||y0rusy50 ca
101 1 _arus
_ceng
102 _aRU
105 _aa z |||||
200 1 _aРадиовещание. Телевидение
210 _d1965
_aБ. м.
215 _a262 с.
_cчерт.
320 _aБиблиогр. в тексте
461 0 _1001rc\4589152
_12001#$aДокументы X пленарной ассамблеи. Женева, 1963$e[В 5 т.$eПер. с англ.]$fМеждунар. консультативный ком. по радио "МККР"$vТ. 5
_99059089
_aМеждународный консультативный комитет по радио. Пленарная ассамблея (10; 1963; Женева)
_cМосква
_d1964
_fМеждунар. консультативный ком. по радио "МККР"
_nСвязь
_o[В 5 т. : Пер. с англ.]
_tДокументы X пленарной ассамблеи. Женева, 1963
_vТ. 5
517 0 _aТелевидение
606 _aРадиовещание (т. 5)
_2psbo
606 _aТелевидение (т. 5)
_2psbo
801 0 _aRU
_bNLR
_gpsbo
801 1 _aRU
_bELAR
_2rusmarc
852 _aNLR
_j65-7/44
942 _cBOOK
980 _aNB